Umění řídit zásoby: Mít či nemít?
Ako správne riadiť skladové zásoby. Systematické sledovanie vývoja zásob a vyhodnocovanie kľúčových parametrov. Pomaly obiehajúce a zastaralé položky. F2F proces (forecast-to-fulfill) - od prognózy k uspokojeniu dopytu. Zásoby ako dobrý indikátor toho, ako efektívne je spoločnosť schopná riadiť svoj...
Saved in:
| Main Author: | |
|---|---|
| Other Authors: | |
| Format: | Book Chapter |
| Language: | Czech |
| Subjects: | |
| Tags: |
No Tags, Be the first to tag this record!
|
MARC
| LEADER | 00000naa a2200000 4500 | ||
|---|---|---|---|
| 001 | 0191205 | ||
| 005 | 20231211080541.6 | ||
| 041 | 0 | |a cze | |
| 044 | |a CZ | ||
| 245 | 1 | 0 | |a Umění řídit zásoby: Mít či nemít? |c Jan Burian, Tomáš Khorel |
| 520 | |a Ako správne riadiť skladové zásoby. Systematické sledovanie vývoja zásob a vyhodnocovanie kľúčových parametrov. Pomaly obiehajúce a zastaralé položky. F2F proces (forecast-to-fulfill) - od prognózy k uspokojeniu dopytu. Zásoby ako dobrý indikátor toho, ako efektívne je spoločnosť schopná riadiť svoj dodávateľsko-odberateľský reťazec. | ||
| 610 | 2 | 0 | |a riadenie zásob |
| 610 | 2 | 0 | |a zásoby |
| 610 | 2 | 0 | |a plánovanie |
| 610 | 2 | 0 | |a reťazce dodávateľsko-odberateľské |
| 610 | 2 | 0 | |a materiál |
| 610 | 2 | 0 | |a tovar |
| 610 | 2 | 0 | |a výroba |
| 100 | 1 | |a Burian, Jan | |
| 700 | 1 | |a Khorel, Tomáš | |